000
00213 a2200097 4500
001
28973
100
_a
Bateman H
245
_a
Tables of Integral Transforms
260
_a
_b
McGraw-Hill
_c
090
_c
19366
_d
19366
942
_a
NUST-CAE
_c
M
_c
10409
999
_c
264046
_d
264046